Catálogo

Vista normal Vista MARC

Entrada Personal Name

Número de registros utilizados en: 2

001 - CONTROL NUMBER

  • control field: 7104

003 - CONTROL NUMBER IDENTIFIER

  • control field: OSt

005 - DATE AND TIME OF LATEST TRANSACTION

  • control field: 20180716125233.0

008 - FIXED-LENGTH DATA ELEMENTS

  • fixed length control field: 070822n| acannaabn |a aaa c

010 ## - LIBRARY OF CONGRESS CONTROL NUMBER

  • LC control number: 2007098051

035 ## - SYSTEM CONTROL NUMBER

  • System control number: (OCoLC)oca07503768

040 ## - CATALOGING SOURCE

  • Original cataloging agency: MX-ZcUA
  • Language of cataloging: spa
  • Transcribing agency: Mx-PuUPA
  • Modifying agency: MX-SlUA
  • Modifying agency: Mx-PuUPA

100 1# - HEADING--PERSONAL NAME

  • Personal name: Shimada Miyasaka, Armando,

370 ## - ASSOCIATED PLACE

  • Place of birth: Ciudad de México

372 ## - FIELD OF ACTIVITY

  • Field of activity: Medicina Veterinaria y Zootecnia

374 ## - OCCUPATION

  • Occupation: Médico veterinario

375 ## - GENDER

  • Gender: Hombre

377 ## - ASSOCIATED LANGUAGE

  • Language code: spa
  • Source of code: MARc code list for languages

400 1# - SEE FROM TRACING--PERSONAL NAME

  • Personal name: Miyasaka, Armando Shimada

670 ## - SOURCE DATA FOUND

  • Source citation: Nutrición animal, 2003:
  • Information found: t.p. (Armando Shimada Miyasaka)

670 ## - SOURCE DATA FOUND

  • Source citation: Biblioteca del congreso (Estados Unidos), 23 abril de 2018:
  • Information found: catálogo electrónico
  • Uniform Resource Identifier: https://goo.gl/pVf3dK